BIBLIOTECA

SENCICO

Técnicas de presentación : (Registro nro. 4440)

Detalles MARC
000 -LEADER
fixed length control field 01003nam a22002417a 4500
003 - CONTROL NUMBER IDENTIFIER
control field PE SENCICO BE
005 - DATE AND TIME OF LATEST TRANSACTION
control field 20251020182646.0
008 - FIXED-LENGTH DATA ELEMENTS--GENERAL INFORMATION
fixed length control field 231114b |||||||| |||| 00| 0 eng d
040 ## - CATALOGING SOURCE
Original cataloging agency PE SENCICO BE
Transcribing agency PE SENCICO BE
041 ## - LANGUAGE CODE
Language code of text/sound track or separate title spa
084 ## - OTHER CLASSIFICATION NUMBER
Classification number I
-- DIB
-- 2016
Item number D19
100 1# - MAIN ENTRY--PERSONAL NAME
9 (RLIN) 1787
Personal name Davila Paulino, Ivan David
Relator term autor
245 1# - TITLE STATEMENT
Title Técnicas de presentación :
Remainder of title bocetos, apuntes y perspectivas /
Statement of responsibility, etc. Ivan David Davila Paulino
260 ## - PUBLICATION, DISTRIBUTION, ETC.
Place of publication, distribution, etc. Lima :
Date of publication, distribution, etc. 2016
300 ## - PHYSICAL DESCRIPTION
Extent 56 h. :
Other physical details diagrs. ;
Dimensions 30 cm.
502 ## - DISSERTATION NOTE
Dissertation note Monografía de Titulación.-- Servicio Nacional de Capacitación para la Industria de la Construcción. Escuela Superior Técnica. Carrera Profesional Técnica en Dibujo en Construcción Civil, 2016.
650 10 - SUBJECT ADDED ENTRY--TOPICAL TERM
9 (RLIN) 827
Topical term or geographic name entry element Técnicas de dibujo
650 20 - SUBJECT ADDED ENTRY--TOPICAL TERM
9 (RLIN) 428
Topical term or geographic name entry element Dibujo arquitectónico
650 20 - SUBJECT ADDED ENTRY--TOPICAL TERM
9 (RLIN) 453
Topical term or geographic name entry element Perspectiva
710 1# - ADDED ENTRY--CORPORATE NAME
Corporate name or jurisdiction name as entry element Servicio Nacional de Capacitación para la Industria de la Construcción.
Subordinate unit Escuela Superior Técnica
9 (RLIN) 1065
910 ## - USER-OPTION DATA (OCLC)
-- hfp
-- hfp
942 ## - ADDED ENTRY ELEMENTS (KOHA)
Koha item type Monografía de Titulación
Existencias
Fecha de la última vez que lo usaron Número de ingreso o de inventario Pago total Signatura topográfica completa Código de barras Precio efectivo desde Tipo de documento Estado perdido Estado dañado No es para préstamo Retirado Ubicación permanente Ubicación actual Fecha de adquisición
14/11/2023 I-00264   I/DIB/2016/D19 BibLima23110027 14/11/2023 Monografía de Titulación         Biblioteca Central Lima Biblioteca Central Lima 14/11/2023